A practical guide for medical teachers / (رقم التسجيلة. 34872)

تفاصيل مارك
000 -الفاتح
حقل البيانات ثابتة الطول 00818nam a22002417a 4500
003 - محدد رقم الضبط
رقم الضبط OSt
005 - وقت وتاريخ اخر تعامل مع التسجيلة
رقم الضبط 20150408114216.0
008 - عناصر البيانات ثابتة الطول - معلومات عامة
حقل البيانات ثابتة الطول 121129s2013 enka g b 001 0 eng
020 ## - الرقم الدولى المعيارى للكتب
الرقم الدولى المعيارى للكتاب 9780702045516
040 ## - مصدر الفهرسة
وكالة الفهرسة الأصلية Ma-Un
082 00 - رقم تصنيف ديوى العشرى
رقم الطبعة 22
رقم التصنيف 610.711
رقم المادة PRG
245 02 - بيان العنوان
العنوان A practical guide for medical teachers /
بيان المسئوليه,etc edited by John A. Dent, Ronald M. Harden ; foreword by Brian Hodges.
250 ## - بيان الطبعة
بيان الطبعة 4th ed.
260 ## - PUBLICATION, DISTRIBUTION, ETC. (IMPRINT)
مكان الناشر او الموزع London :
اسم الناشر او الموزع Churchill Livingstone,
تاريخ النشر أو التوزيع 2013.
300 ## - الوصف المادى
التعداد xvii, 436 p. :
تفاصيل ماديه اخرى للوعاء ill. ;
أبعاد الوعاء 25 cm.
504 ## - تبصرة ببليوجرافية
تبصرة ببليوجرافية,الخ Includes bibliographical references and index.
650 ## - المدخل الاضافى بالموضوع-مصطلح موضوعى
مصطلح موضوعي أو اسم جغرافي كعنصر مدخل Education, Medical
التقسيم الفرعي العام methods.
9 (RLIN) 44622
650 ## - المدخل الاضافى بالموضوع-مصطلح موضوعى
مصطلح موضوعي أو اسم جغرافي كعنصر مدخل Teaching
التقسيم الفرعي العام methods.
9 (RLIN) 10103
700 1# - المدخل الاضافى - اسم شخصى
الإسم الشخصى Dent, John A.
العنوان والكلمات الأخرى المصاحبة للاسم MMedEd.
الدور editor.
9 (RLIN) 44623
700 1# - المدخل الاضافى - اسم شخصى
الإسم الشخصى Harden, Ronald M.
الدور editor.
9 (RLIN) 44624
700 1# - المدخل الاضافى - اسم شخصى
الإسم الشخصى Hodges, Brian
9 (RLIN) 44625
942 ## - عناصر المدخل الإضافي( كوها)
مصدر التصنيف او مخطط الترفيف Dewey Decimal Classification
Koha [default] item type كتاب
المقتنيات
حالة الفقد نموذج السعر الفعال حالة تلف ليس للاعارة رقم الطلب رقم النسخة تاريخ الاكتساب مصدر التزويد الموقع الحالي الباركود الفرع الرئيسي Date last seen نوع المادة فى نظام كوها مصدر التصنيف او خطة الترفيف Total Checkouts Date last checked out
  2014-05-11   Not For Loan 610.711 PRG 1 2014-05-11 دار العرب المكتبة المركزية بالمجمعة (CL) 00210191 المكتبة المركزية بالمجمعة (CL) 2014-05-11 كتاب Dewey Decimal Classification    
  2014-05-11     610.711 PRG 2 2014-05-11 دار العرب المكتبة المركزية بالمجمعة (CL) 00210192 المكتبة المركزية بالمجمعة (CL) 2014-05-11 كتاب Dewey Decimal Classification    
  2014-05-11     610.711 PRG 3 2014-05-11 دار العرب المكتبة المركزية بالمجمعة (CL) 00210193 المكتبة المركزية بالمجمعة (CL) 2016-09-25 كتاب Dewey Decimal Classification 3 2015-10-27